| 000 | 00995nam a22002297a 4500 | ||
|---|---|---|---|
| 005 | 20140827111722.0 | ||
| 008 | 140825|2012 xxu||||| |||| 00| 0 mx spa d | ||
| 020 | _a9786077607595 | ||
| 041 | _aspa | ||
| 044 | _amx | ||
| 082 |
_a333.95 _bC73c |
||
| 110 |
_aMéxico _bComisión Nacional para el Conocimiento y Uso de la Biodiversidad _925984 |
||
| 245 |
_aCONABIO: Dos Décadas de Historia 1992 - 2012 _b _cComisión Nacional para el Conocimiento y Uso de la Biodiversidad |
||
| 260 |
_aMéxico D.F _bComisión Nacional para el Conocimiento y Uso de la Biodiversidad _c2012 |
||
| 300 |
_a103 p. _bFot (col), mapas, gráficas. _c27 cm. |
||
| 504 | _aIncluye referencias bibliográficas (pag 101-103) | ||
| 650 | 6 |
_aConservación de la biodiversidad biológica _z México D.F _925985 |
|
| 650 | 6 |
_aGestión ambiental _zMéxico D.F _925986 |
|
| 650 | 6 |
_aDesarrollo sostenible _zMéxico D.F _925987 |
|
| 700 |
_aTerroba-Arechavala, Bernardo _eDiseño de Portada _925831 |
||
| 942 |
_2ddc _cLIBRO |
||
| 999 |
_c8622 _d8622 |
||